Fieldwork and families : constructing new models for ethnographic research
Saved in:
| Corporate Author: | |
|---|---|
| Other Authors: | , , |
| Format: | Book |
| Language: | English |
| Published: |
Honolulu :
University of Hawai'i Press,
c1998.
|
| Subjects: | |
| Tags: |
Add Tag
No Tags, Be the first to tag this record!
|
MARC
| LEADER | 00000cam a2200000 i 4500 | ||
|---|---|---|---|
| 001 | 1/294 | ||
| 008 | 000403s1998 hiu| ||| |||| ||eng|| | ||
| 020 | |a 0824819888 | ||
| 035 | |l 10059607 | ||
| 040 | |a GR-MyUa |b gre |e AACR2 | ||
| 041 | 0 | |a eng | |
| 082 | 7 | |a 306.0995 |2 (22) | |
| 245 | 0 | 0 | |a Fieldwork and families : |b constructing new models for ethnographic research / |c edited by Juliana Flinn, Leslie Marshall, Jocelyn Armstrong. |
| 260 | |a Honolulu : |b University of Hawai'i Press, |c c1998. | ||
| 300 | |a 229 σ. ; |c 24 εκ. | ||
| 500 | |a This work grew from a session at the 1991 annual meeting of the Association for Social Anthropology in Oceania (ASAO) in VIctoria, British Columbia, in 1991. | ||
| 504 | |a Περιλαμβάνει βιβλιογραφικές παραπομπές και ευρετήριο. | ||
| 650 | 0 | 0 | |a Anthropologists |z Oceania |x Family relationships |x Congresses. |
| 650 | 0 | 0 | |a Ethnology |z Oceania |x Field work |x Congresses. |
| 650 | 0 | 0 | |a Anthropologists' spouses |z Oceania |x Congresses. |
| 650 | 0 | 0 | |a Children of anthropologists |z Oceania |x Congresses. |
| 650 | 0 | 0 | |a Families |z Oceania |x Social conditions |x Congresses. |
| 700 | 1 | |a Flinn, Juliana, |d 1950- |e edtf | |
| 700 | 1 | |a Marshall, Leslie B. |e edtf | |
| 700 | 1 | |a Armstrong, Jocelyn, |e edtf | |
| 710 | 2 | |a Association for Social Anthropology in Oceania. |b Meeting |d (1991 : |c Victoria, B.C.) | |
| 852 | |a INST |b LESVOS |e 20000403 |h 306.0995 FIE |p 005100024513 |q 005100024513 |t BK |y 0 | ||
| 901 | |a BIBL1-2000-2 | ||
| 922 | |a 1ΕΛΗ |b 200003 |c ΚΠΣ/ΤΚΑ |d ΠΑΠΑΣΩΤΗΡΙΟΥ | ||
| 950 | |a 117-1999-11-26 | ||
| 970 | |a ΜΟΥΣΤΑΚΑ |b ΠΗΝΕΛΟΠΗ |z 2000/05/08 | ||